O poder do autocuidado (Registo nº 37011)
[ vista simples ]
| 000 -Etiqueta do registo | |
|---|---|
| Valores | 00806nam a2200253 4500 |
| 010 ## - Número ISBN | |
| ISBN | 9789893559703 |
| 021 ## - Número do Depósito Legal | |
| Código do país | Portugal |
| Número | 530726/24 |
| 100 ## - Dados gerais de processamento | |
| Dados gerais | 20240702d2024 m y0pory50030103ba |
| 101 0# - Língua de publicação | |
| Língua | Português |
| 102 ## - País de publicação | |
| País | Portugal |
| 200 1# - Titulo e menção de responsabilidade | |
| Título próprio | O poder do autocuidado |
| Informação de outro título | um guia transformador para uma vida plena e feliz |
| Primeira menção de responsabilidade | Helena Paixão |
| Outras menções de responsabilidade | il. Ana Silvia Agostinho |
| 205 ## - Menção da edição | |
| Edição | 1.º ed |
| 210 #9 - Publicação | |
| Local de publicação | [S.l.] |
| Nome do editor | Nuvem de Ideias |
| Data de publicação | cop. 2024 |
| 215 ## - Descrição física | |
| Paginação / Volumes | 221, [3] p. |
| Outras indicações físicas | il. |
| Dimensões | 24 cm |
| 606 ## - Nome comum usado como assunto | |
| ID Autoridade | 3335 |
| Palavra de ordem | Psicologia |
| 675 ## - CDU | |
| Notação | 159.923(035) |
| Edição | BN |
| Língua | por |
| 700 ## - Autor principal | |
| ID Autoridade | 7282 |
| Apelido | Paixão |
| Nome | Helena |
| 702 ## - Autor secundário | |
| Apelido | Agostinho |
| Nome | Ana Sílvia |
| Função | Ilustrador |
| ID Autoridade | 7283 |
| 801 #0 - Fonte de origem | |
| País | PT |
| Agência | BN |
| Regras de catalogação | RPC |
| 856 41 - Localização e acesso electrónico | |
| URL | <a href="http://rnod.bnportugal.gov.pt/ImagesBN/winlibimg.aspx?skey=&doc=2171482&img=195415&save=true">http://rnod.bnportugal.gov.pt/ImagesBN/winlibimg.aspx?skey=&doc=2171482&img=195415&save=true</a> |
| 090 ## - Tipo de documento | |
| Koha biblioitem number (autogenerated) | 37011 |
| 990 ## - Elementos KOHA | |
| Tipo de documento | Livro |
| 994 ## - Estado da catalogação | |
| Situação | Completo |
| Situação do levantamento | Situação do extravio | Biblioteca de origem | Biblioteca de empréstimo | Código de barras | Cota | Permissão de empréstimo | Tipo de documento | Forma de aquisição |
|---|---|---|---|---|---|---|---|---|
| Completo | Biblioteca Municipal de Viana Do Alentejo | Biblioteca Municipal de Viana Do Alentejo | 0035538 | 159.9 PAI | Disponível | Livro | Compra |